ბათუმის შოთა რუსთაველის სახელმწიფო უნივერსიტეტის ბიბლიოთეკა

ერთტომეული. (ბიბ.ჩანაწერი № 43927)

000 -LEADER
fixed length control field 00692nam a2200217Ia 4500
001 - CONTROL NUMBER
control field 10676
003 - CONTROL NUMBER IDENTIFIER
control field GE_BSU
008 - FIXED-LENGTH DATA ELEMENTS--GENERAL INFORMATION
fixed length control field 181216s||||||||xx |||||||||||||| ||und||
040 ## - CATALOGING SOURCE
Transcribing agency GE_BSU
080 ## - UNIVERSAL DECIMAL CLASSIFICATION NUMBER
Universal Decimal Classification number 821.353.1-1
100 ## - MAIN ENTRY--PERSONAL NAME
Personal name ფაშალიშვილი,სიკო
245 ## - TITLE STATEMENT
Title ერთტომეული.
245 ## - TITLE STATEMENT
Statement of responsibility, etc. რედ.გიორგი ლეონიძე;მხატვ:ვ.გიორგობიანი.
260 ## - PUBLICATION, DISTRIBUTION, ETC.
Place of publication, distribution, etc. თბილისი.
260 ## - PUBLICATION, DISTRIBUTION, ETC.
Name of publisher, distributor, etc. საბჭ.საქართველო.
260 ## - PUBLICATION, DISTRIBUTION, ETC.
Date of publication, distribution, etc. 1959.
300 ## - PHYSICAL DESCRIPTION
Extent 308გვ;21სმ.
300 ## - PHYSICAL DESCRIPTION
Accompanying material 1ფ.პორტრ.
653 ## - INDEX TERM--UNCONTROLLED
Uncontrolled term ერთტომეული.
942 ## - ADDED ENTRY ELEMENTS (KOHA)
Koha item type წიგნი
ეგზემპლარები
Withdrawn status Lost status Damaged status Not for loan Date acquired Barcode Date last seen Price effective from Koha item type
        2018-12-17 34932 2018-12-17 2018-12-17 წიგნი
        2018-12-17 34933 2018-12-17 2018-12-17 წიგნი
        2018-12-17 34934 2018-12-17 2018-12-17 წიგნი
        2018-12-17 34935 2018-12-17 2018-12-17 წიგნი
        2018-12-17 34936 2018-12-17 2018-12-17 წიგნი
        2018-12-17 34937 2018-12-17 2018-12-17 წიგნი